000
00271nam a22000977a 4500
999
_c
515652
_d
515652
082
_a
TNC B142x54 K143c
100
_a
Kapur, Promilla (com.)
_9
21374
245
_a
Empowering the Indian woman
_c
Edited by promilla Kapur
260
_a
New Delhi
_b
Division
_c
2001
300
_a
440p.